New headway video; beginner teacher's book /
Guardado en:
| Autor Principal: | |
|---|---|
| Formato: | Libro |
| Publicado: |
Oxford :
Oxford University,
2002
|
| Materias: | |
| Etiquetas: |
Agregar Etiqueta
Sin Etiquetas, Sea el primero en etiquetar este registro!
|
| LEADER | 00499nam a22001815a 4500 | ||
|---|---|---|---|
| 001 | CEM.cems011175 | ||
| 005 | 20060214000000.0 | ||
| 008 | 130507s2002##################000#0#####d | ||
| 003 | CEMS | ||
| 082 | 0 | 4 | |a 428.64 |
| 100 | 1 | |a Murphy, John | |
| 245 | 1 | 0 | |a New headway video; beginner teacher's book / |
| 260 | |a Oxford : |b Oxford University, |c 2002 | ||
| 300 | |a 32 p. | ||
| 653 | |a Ingles | ||
| 653 | |a Ingles-textos | ||
| 653 | |a Ingles-videos | ||
| 859 | |a CEMS |b BIB. CEMS - 11 de abril |h 428.64 |i SO11-3 |p 22049.03 |t Ej.1 | ||
